000 02047nam a2200313Ia 4500
001 E2811
003 IT-RoPAU
008 130308s9999 xx 000 0 und d
040 _aIT-RoPAU
040 _cIT-RoPAU
041 _aITALIANO
100 _aAA.VV.
100 _gCodice Aut. SPICS: 12000
245 _aLinguaggio per la nuova evangelizzazione nella missione al popolo (Il)
245 _bLinguaggio per la Nuova Evangelizzazione nella missione al Popolo (Il)
250 _a1a ed.
260 _aS. GABRIELE (TE)
260 _bEditoriale Eco
260 _c1997 [1° Ed.:1997 - Ed.Ling.Originale:1997]
300 _a"192 p. (prefazione: no ; testo: 192)"
500 _aAtti del Xiv Corso di Aggiornamento per missionari Itineranti. comunicazioni e Missioni in Italia di John Patrick Foley. religiosi e missione Itinerante di P. Sante Bisignano. Cuore dell'uomo Luogo dell'evangelizzazione di Lilia Capretti. progetto Culturale del Convegno Ecclesiale di Palermo di Mons. Clemente Riva. missione al Popolo e Comunicazione Sociale: Nuova Mappa della Distribuzione dei Media di Tarcisio Cesarato, Tipologia dei Media in Base Alle caratteristiche dell'Emittente di Tarcisio Cesarato, Multimedialità al Servizio della missione al Popolo e Possibilità Offerte Dai Nuovi Media: Esempi di Multimedialità e Informazione di Lorenzo Vezzani, Quali Competenze e Quali Strumenti per L'Uso Ottimale dei Nuovi mezzi di Carlo Cibien, una Griglia di Lettura per I Nuovi Linguaggi, Messaggio Unitario e Stiledi collaborazione per le Missioni al Popolo. missione 2000 nell'Archidiocesi di Bologna di Mons. Alberto di Chio. Padova missione 1997: una Città incontra la Parola di Mons. Giuseppe Masiero. missione Giubileo nella Diocesidi Pordenone di Mons. Lorenzo Cozzarin. Echi della Stampa. Altre Relazionicon scheda a Parte.
650 _aSAGGI PASTORALE COMUNICAZIONE SOCIALE
650 _eCodice materia Spics: 9311
700 _aTaccone Fernando
700 _gCodice Aut. SPICS: 48169
942 _cBK
957 _71
999 _c95572
_d95572
999 _g1